000 00630nam a2200205Ia 4500
003 GCL
008 140319s9999 xx 000 0 ara d
040 _aGCL /
_cGCL
082 0 4 _a928.44
_bع ش
100 1 _aعبدالرحمن صدقى
245 1 0 _aالشاعر الرجيم : بودلير /
_cعبدالرحمن صدقى
300 _a127 ص
490 _aاقرأ
_v0
650 0 4 _aالرجال - تراجم
650 0 4 _aالشعراء - تراجم
650 0 4 _aبودلير، شارل
650 0 4 _aالشعراء الفرنسيون
650 0 4 _aالشعر الفرنسى - تاريخ ونقد
942 _2ddc
_cBK
999 _c47652
_d47652